Sales and Operations Planning Based on a Modularized View of Supply Chains : Supporting Process Industries and Discrete Manufacturing Industries.

Bibliographic Details
Main Author: Noroozi, Sayeh.
Format: eBook
Language:English
Published: Linköping : Linkopings Universitet, 2016.
Edition:1st ed.
Series:Linköping Studies in Science and Technology. Dissertations Series
Subjects:
Online Access:Click to View
LEADER 02003nam a22003853i 4500
001 EBC4772046
003 MiAaPQ
005 20240729202202.0
006 m o d |
007 cr cnu||||||||
008 240729s2016 xx o ||||0 eng d
020 |a 9789176856437  |q (electronic bk.) 
035 |a (MiAaPQ)EBC4772046 
035 |a (Au-PeEL)EBL4772046 
035 |a (CaPaEBR)ebr11319933 
035 |a (OCoLC)967532765 
040 |a MiAaPQ  |b eng  |e rda  |e pn  |c MiAaPQ  |d MiAaPQ 
100 1 |a Noroozi, Sayeh. 
245 1 0 |a Sales and Operations Planning Based on a Modularized View of Supply Chains :  |b Supporting Process Industries and Discrete Manufacturing Industries. 
250 |a 1st ed. 
264 1 |a Linköping :  |b Linkopings Universitet,  |c 2016. 
264 4 |c {copy}2017. 
300 |a 1 online resource (98 pages) 
336 |a text  |b txt  |2 rdacontent 
337 |a computer  |b c  |2 rdamedia 
338 |a online resource  |b cr  |2 rdacarrier 
490 1 |a Linköping Studies in Science and Technology. Dissertations Series ;  |v v.1803 
505 0 |a Intro -- Abstract -- Sammanfattning -- Foreword -- List of publications -- Contents -- 1. Introduction -- 2. Methodology -- 3. Frame of references -- 4. Summary of research results -- 5. Conclusion and further research -- 6. Bibliography -- Glossary -- Appendix. 
588 |a Description based on publisher supplied metadata and other sources. 
590 |a Electronic reproduction. Ann Arbor, Michigan : ProQuest Ebook Central, 2024. Available via World Wide Web. Access may be limited to ProQuest Ebook Central affiliated libraries.  
655 4 |a Electronic books. 
776 0 8 |i Print version:  |a Noroozi, Sayeh  |t Sales and Operations Planning Based on a Modularized View of Supply Chains  |d Linköping : Linkopings Universitet,c2016 
797 2 |a ProQuest (Firm) 
830 0 |a Linköping Studies in Science and Technology. Dissertations Series 
856 4 0 |u https://ebookcentral.proquest.com/lib/matrademy/detail.action?docID=4772046  |z Click to View